LA CELESTINA (Registro nro. 34481)
[ vista simple ]
| 000 -LEADER | |
|---|---|
| fixed length control field | 00459nam a2200169 a 4500 |
| 001 - CONTROL NUMBER | |
| control field | 34481 |
| 005 - DATE AND TIME OF LATEST TRANSACTION | |
| control field | 20180714002620.0 |
| 008 - FIXED-LENGTH DATA ELEMENTS--GENERAL INFORMATION | |
| fixed length control field | 140415s1972 000 0 spa d |
| 041 ## - LANGUAGE CODE | |
| Language code of text/sound track or separate title | spa |
| 082 ## - DEWEY DECIMAL CLASSIFICATION NUMBER | |
| Classification number | 800 |
| Item number | BIB |
| 100 1# - MAIN ENTRY--PERSONAL NAME | |
| Personal name | ROJAS, FERNANDO DE |
| 245 13 - TITLE STATEMENT | |
| Title | LA CELESTINA |
| 260 ## - PUBLICATION, DISTRIBUTION, ETC. | |
| Place of publication, distribution, etc. | [s.l.] : |
| Name of publisher, distributor, etc. | SALVAT EDITORES, |
| Date of publication, distribution, etc. | 1972 |
| 300 ## - PHYSICAL DESCRIPTION | |
| Extent | 187 |
| 490 ## - SERIES STATEMENT | |
| Series statement | BIBLIOTECA BASICA SALVAT |
| Volume/sequential designation | 74 |
| 650 14 - SUBJECT ADDED ENTRY--TOPICAL TERM | |
| Topical term or geographic name entry element | LITERATURA MEDIEVAL |
| General subdivision | TEATRO ESPEOL |
| -- | COMEDIA |
| Withdrawn status | Lost status | Source of classification or shelving scheme | Damaged status | Not for loan | Collection code | Home library | Current library | Shelving location | Date acquired | Source of acquisition | Inventory number | Total Checkouts | Full call number | Barcode | Date last seen | Date last checked out | Price effective from | Koha item type |
|---|---|---|---|---|---|---|---|---|---|---|---|---|---|---|---|---|---|---|
| Dewey Decimal Classification | General | Biblioteca Karol Wojtyla | Biblioteca Karol Wojtyla | Área de silencio | 03/12/2013 | Compra | 151000000000000000031315 | 800 BIB | 52243 | 05/01/2026 | 08/06/2016 | 03/12/2013 | Libro |